Taylor Swift- Fifteen (Taylor's Version) (All Lyrics) - Statistics

General Stats
  • This quiz has been taken 124 times
    115 since last reset
  • The average score is 310 of 377
Answer Stats
Lyrics % Correct
a
100%
be
100%
fifteen
100%
fifteen,
100%
I
100%
the
100%
when
100%
When
100%
You
100%
you
100%
"You
100%
your
100%
Your
100%
believe
99%
go
99%
gonna
99%
love
99%
so
99%
some
99%
somebody
99%
tell
99%
you're
99%
You're
99%
and
97%
And
97%
they
97%
tells
96%
them
96%
'Cause
94%
do
94%
to
94%
To
94%
in
93%
In
93%
it
93%
friends
91%
at
90%
At
90%
hi
90%
boy
88%
know,
88%
know
88%
of
88%
on
88%
who
88%
Abigail
87%
first
87%
It's
87%
say
87%
day
86%
For
86%
we
86%
next
84%
then
84%
then,
84%
very
84%
here
83%
out
83%
this
83%
This
83%
walk
83%
year
83%
best
81%
freshman
80%
around
78%
around,
78%
breath
78%
breath,
78%
football
78%
like
78%
named
78%
sit
78%
soon
78%
take
78%
Take
78%
through
78%
before"
77%
before
77%
class
77%
deep
77%
didn't
77%
doors
77%
enough,
77%
is
77%
redhead
77%
seen
77%
team
77%
feelin'
75%
four
75%
haven't
75%
way
75%
while
75%
years
75%
date
74%
mornin'
74%
one
74%
car
72%
Datin'
72%
everybody's
72%
figure
72%
got
72%
he's
72%
kiss
72%
stay
72%
than
72%
think
72%
as
71%
flyin'
71%
girl
71%
senior
71%
Try
71%
was
71%
boys
70%
town
70%
you'll
70%
she
68%
had
67%
life
67%
nothin'
67%
things
67%
thinkin'
67%
wink
67%
can
65%
head
65%
Makes
65%
both
64%
cried
64%
everything
64%
gave
64%
will
64%
cool
62%
girls
62%
greater
62%
mind
62%
other
62%
spin
62%
those
62%
up
62%
ain't
61%
his
61%
Laughin'
61%
there's
61%
all
59%
changed
59%
ends
59%
night
59%
they're
59%
Well,
59%
We'll
59%
well
59%
what
58%
count
57%
dancin'
57%
waitin'
57%
But
55%
ten,
55%
wanted
55%
Hopin'
54%
now
54%
room
54%
supposed
54%
bigger
52%
'round
52%
could
51%
marry
51%
him
49%
Wish
49%
back
48%
Back
48%
don't
48%
dreams
48%
look
48%
mama's
48%
outta
48%
realized
46%
swore
45%
yourself
43%
mine
42%
fall
36%
nights
35%
time
35%
forget
33%
just
28%
find
23%
heal
22%
anything
19%
found
17%
I've
17%
most
17%
might
14%
No matching quizzes found
Score Distribution
Percent of People with Each Score
Percentile by Number Answered
Your Score History
You have not taken this quiz since the last reset